[Event "Buenos Aires Torre Blanca"]
[Site "Buenos Aires"]
[Date "2023.12.01"]
[Round "8"]
[White "Diaz Hollemaert, Nahuel Carlos"]
[Black "Llanos, Guillermo"]
[Result "1/2-1/2"]
[WhiteElo "2370"]
[BlackElo "2288"]
[PlyCount "96"]
[EventDate "2023.11.25"]
[EventType "tourn"]
[EventRounds "9"]
[EventCountry "ARG"]
[EventCategory "1"]
[SourceTitle "CB49_2023"]
[SourceDate "2023.12.06"]
[SourceVersion "1"]
[SourceVersionDate "2023.12.06"]
[SourceQuality "1"]

1. Nf3 d6 2. d4 Nf6 3. c4 g6 4. Nc3 Bf5 5. Bg5 Bg7 6. Nd2 h6 7. Bh4 g5 8. Bg3 Nh5 9. e3 Nxg3 10. hxg3 c5 11. d5 Qb6 12. Qc1 Nd7 13. e4 Bg6 14. f4 0-0-0 15. Qc2 f5 16. Bd3 fxe4 17. Bxe4 Bxe4 18. Ndxe4 Rdf8 19. Rf1 Rf5 20. 0-0-0 Rhf8 21. Ne2 g4 22. Rh1 Qa6 23. Kb1 b5 24. cxb5 Qxb5 25. Nd4 Bxd4 26. Rxd4 Qb7 27. Rxh6 Rxd5 28. Rxd5 Qxd5 29. Qe2 Kb7 30. Nc3 Qf5+ 31. Kc1 Rf7 32. Qb5+ Nb6 33. a4 a6 34. Qe8 Rh7 35. Rxh7 Qxh7 36. a5 Qh1+ 37. Nd1 Nc8 38. Qd7+ Kb8 39. Qxg4 Qxg2 40. Nc3 Qg1+ 41. Kc2 Qf2+ 42. Kb1 Na7 43. Qg8+ Kb7 44. Qe8 Qf1+ 45. Kc2 Qg2+ 46. Kb1 Qf1+ 47. Kc2 Qg2+ 48. Kb1 Qf1+ 1/2-1/2

[Event "Buenos Aires Torre Blanca"]
[Site "Buenos Aires"]
[Date "2023.11.28"]
[Round "5"]
[White "Llanos, Guillermo"]
[Black "Romero Barreto, Jaime Jose"]
[Result "1/2-1/2"]
[WhiteElo "2288"]
[BlackElo "2334"]
[PlyCount "128"]
[EventDate "2023.11.25"]
[EventType "tourn"]
[EventRounds "9"]
[EventCountry "ARG"]
[EventCategory "1"]
[SourceTitle "CB49_2023"]
[SourceDate "2023.12.06"]
[SourceVersion "1"]
[SourceVersionDate "2023.12.06"]
[SourceQuality "1"]

1. Nf3 Nf6 2. c4 g6 3. Nc3 Bg7 4. e4 d6 5. d4 0-0 6. Be2 Bg4 7. Be3 Bxf3 8. Bxf3 e5 9. d5 c5 10. h4 Ne8 11. g4 Qb6 12. Rb1 Qa6 13. Be2 Nd7 14. h5 Qa5 15. Qc1 a6 16. Bh6 Rb8 17. Bxg7 Nxg7 18. Qh6 Nf6 19. a4 Qc7 20. Rd1 Qb6 21. Rd2 Rfc8 22. Kf1 Qd8 23. Rd3 Qf8 24. Qg5 Nge8 25. Qh4 Rc7 26. Rg3 Qg7 27. h6 Qf8 28. g5 Nd7 29. Bg4 Qe7 30. Bxd7 Rxd7 31. Rf3 Qd8 32. Kg2 f6 33. gxf6 Rf7 34. Qg4 Rxf6 35. Rxf6 Nxf6 36. Qe6+ Kh8 37. Qf7 Qf8 38. Qxf8+ Rxf8 39. f3 Kg8 40. a5 Kf7 41. Rb1 Rc8 42. b4 cxb4 43. Rxb4 Rc7 44. Na4 Nd7 45. Kg3 g5 46. c5 Nxc5 47. Nxc5 dxc5 48. Rc4 Kg6 49. Kg4 Rf7 50. Rxc5 Rf4+ 51. Kg3 g4 52. fxg4 Rxe4 53. Rc7 Ra4 54. Rxb7 Rxa5 55. d6 Rd5 56. Rb6 Kxh6 57. Rxa6 Kg5 58. Kf3 Rd4 59. Ra7 Rxd6 60. Rxh7 Rd3+ 61. Ke4 Rd4+ 62. Kxe5 Rxg4 63. Rg7+ Kh4 64. Rxg4+ Kxg4 1/2-1/2

[Event "Titled Tuesday intern op 26th Sep Early"]
[Site "Chess.com INT"]
[Date "2023.09.26"]
[Round "11"]
[White "Llanos, Guillermo"]
[Black "Nikulina, Alena"]
[Result "1-0"]
[WhiteElo "2288"]
[BlackElo "1844"]
[PlyCount "85"]
[EventDate "2023.09.26"]
[EventType "swiss (blitz)"]
[EventRounds "11"]
[EventCountry "USA"]
[SourceTitle "EXT 2024"]
[Source "ChessBase"]
[SourceDate "2023.10.10"]
[SourceVersion "1"]
[SourceVersionDate "2023.10.10"]
[SourceQuality "1"]

1. c4 c5 2. Nc3 Nc6 3. e4 d6 4. g3 g6 5. Bg2 Bg7 6. Nge2 e6 7. d3 Nge7 8. 0-0 0-0 9. Rb1 a6 10. Be3 Nd4 11. b4 Nxe2+ 12. Nxe2 cxb4 13. Rxb4 Nc6 14. Rb1 Qa5 15. Qb3 Qc7 16. Bb6 Qe7 17. d4 Bd7 18. Rbd1 Rfc8 19. Qa3 h5 20. f4 Re8 21. d5 Nd8 22. Bc7 exd5 23. Bxd6 Qf6 24. cxd5 Bb5 25. Rfe1 h4 26. Nd4 Bd7 27. Nf3 hxg3 28. hxg3 Qc3 29. Qxc3 Bxc3 30. Re2 b5 31. Ne5 Bc8 32. Rc2 b4 33. Ng4 Bb7 34. e5 Kg7 35. Nf6 Rh8 36. Ne4 a5 37. Nxc3 bxc3 38. Rxc3 Rc8 39. Bc7 Ba6 40. d6 a4 41. Rdc1 Nb7 42. d7 Rxc7 43. Rxc7 1-0

[Event "Titled Tuesday intern op 19th Sep Early"]
[Site "Chess.com INT"]
[Date "2023.09.19"]
[Round "5"]
[White "Ghosh, Chanchal Kumer"]
[Black "Llanos, Guillermo"]
[Result "0-1"]
[WhiteElo "2026"]
[BlackElo "2288"]
[PlyCount "66"]
[EventDate "2023.09.19"]
[EventType "swiss (blitz)"]
[EventRounds "11"]
[EventCountry "USA"]
[SourceTitle "EXT 2024"]
[Source "ChessBase"]
[SourceDate "2023.10.10"]
[SourceVersion "1"]
[SourceVersionDate "2023.10.10"]
[SourceQuality "1"]

1. e4 Nf6 2. Nc3 d5 3. e5 Nfd7 4. d4 c5 5. dxc5 e6 6. Nf3 Nc6 7. Bb5 Bxc5 8. 0-0 Qc7 9. Nxd5 exd5 10. Qxd5 Ne7 11. Qe4 0-0 12. Ng5 Ng6 13. e6 Nf6 14. exf7+ Kh8 15. Qd3 a6 16. Bc4 b5 17. Bb3 Bg4 18. h3 Rad8 19. Qc3 Be2 20. Ne6 Qa7 21. Nxf8 Rxf8 22. Be3 Bxe3 23. fxe3 Bxf1 24. Rxf1 Qe7 25. Rf3 Ne5 26. Rf1 Nxf7 27. a4 bxa4 28. Bxa4 Nd6 29. Bb3 Nde4 30. Qd4 h6 31. Rf4 Rd8 32. Qb6 Qd6 33. Qxa6 Qxa6 0-1

[Event "Titled Tuesday intern op 19th Sep Early"]
[Site "Chess.com INT"]
[Date "2023.09.19"]
[Round "4"]
[White "Llanos, Guillermo"]
[Black "Herman, Matthew J"]
[Result "0-1"]
[WhiteElo "2288"]
[BlackElo "2383"]
[PlyCount "82"]
[EventDate "2023.09.19"]
[EventType "swiss (blitz)"]
[EventRounds "11"]
[EventCountry "USA"]
[SourceTitle "EXT 2024"]
[Source "ChessBase"]
[SourceDate "2023.10.10"]
[SourceVersion "1"]
[SourceVersionDate "2023.10.10"]
[SourceQuality "1"]

1. c4 g6 2. Nc3 Bg7 3. g3 Nf6 4. Bg2 0-0 5. e4 d6 6. Nge2 c5 7. 0-0 Nc6 8. d3 Rb8 9. Rb1 a6 10. a4 Ne8 11. Be3 Nd4 12. b4 Nc7 13. Qd2 Nce6 14. b5 axb5 15. axb5 Ra8 16. Bh6 Ra3 17. Bxg7 Kxg7 18. f4 Qa5 19. Rbd1 Rxc3 20. Qxc3 Qxc3 21. Nxc3 Nc2 22. Rd2 Ned4 23. Rc1 Nb4 24. Rdd1 Bg4 25. Re1 Nxd3 26. e5 dxe5 27. Bxb7 exf4 28. gxf4 Bf3 29. Bxf3 Nxf3+ 30. Kf1 Nfxe1 31. Rxe1 Nxe1 32. Kxe1 e6 33. Ke2 Kf6 34. Ne4+ Ke7 35. Kd3 Rc8 36. Kc3 h6 37. Kb3 f5 38. Nc3 Kd6 39. b6 Kc6 40. Na4 Rb8 41. Kc3 Rxb6 0-1

[Event "Titled Tuesday intern op 12th Sep Early"]
[Site "Chess.com INT"]
[Date "2023.09.12"]
[Round "2"]
[White "Koshulyan, Egor A"]
[Black "Llanos, Guillermo"]
[Result "1-0"]
[WhiteElo "2136"]
[BlackElo "2288"]
[PlyCount "85"]
[EventDate "2023.09.12"]
[EventType "swiss (blitz)"]
[EventRounds "11"]
[EventCountry "USA"]
[SourceTitle "EXT 2024"]
[Source "ChessBase"]
[SourceDate "2023.10.10"]
[SourceVersion "1"]
[SourceVersionDate "2023.10.10"]
[SourceQuality "1"]

1. e4 Nf6 2. e5 Nd5 3. c4 Nb6 4. c5 Nd5 5. Bc4 e6 6. d4 b6 7. cxb6 axb6 8. Nf3 Ba6 9. b3 Bb4+ 10. Bd2 Bxd2+ 11. Nbxd2 0-0 12. 0-0 Bxc4 13. bxc4 Nb4 14. a3 N4c6 15. d5 Na5 16. Qc2 Na6 17. Ne4 h6 18. Rad1 Qe7 19. d6 cxd6 20. exd6 Qd8 21. Ne5 Rc8 22. Qe2 Nc5 23. Nc3 Nc6 24. f4 Qe8 25. Nb5 f6 26. Nxc6 Rxc6 27. Na7 Qa8 28. Nxc6 Qxc6 29. f5 e5 30. Rf3 Ne4 31. Qd3 Rc8 32. Re3 Nc5 33. Qd5+ Qxd5 34. Rxd5 Ra8 35. Rd2 Ra4 36. Rb2 Ra6 37. Rb5 Kf7 38. Kf2 Ke8 39. Ke2 Kd8 40. Rg3 Ne4 41. Rxg7 Nc3+ 42. Kd3 Nxb5 43. Rg8# 1-0

[Event "Titled Tuesday intern op 29th Aug Early"]
[Site "Chess.com INT"]
[Date "2023.08.29"]
[Round "8"]
[White "Llanos, Guillermo"]
[Black "Rodrigues, Leonardo De Miranda"]
[Result "0-1"]
[WhiteElo "2288"]
[BlackElo "2077"]
[PlyCount "58"]
[EventDate "2023.08.29"]
[EventType "swiss (blitz)"]
[EventRounds "11"]
[EventCountry "USA"]
[SourceTitle "EXT 2024"]
[Source "ChessBase"]
[SourceDate "2023.10.10"]
[SourceVersion "1"]
[SourceVersionDate "2023.10.10"]
[SourceQuality "1"]

1. c4 e5 2. Nc3 Nf6 3. Nf3 Nc6 4. e4 Bb4 5. d3 d6 6. a3 Bxc3+ 7. bxc3 0-0 8. Be2 Ne7 9. 0-0 Ng6 10. g3 Bh3 11. Re1 b6 12. Ng5 Bd7 13. h4 h6 14. Nf3 Ng4 15. h5 Ne7 16. Nh4 f5 17. exf5 Nxf2 18. Kxf2 Nxf5 19. Nxf5 Bxf5 20. Kg2 Qd7 21. Rh1 Qc6+ 22. Bf3 e4 23. dxe4 Bxe4 24. Qd5+ Qxd5 25. cxd5 Bxf3+ 26. Kh2 Bxh1 27. Kxh1 Rf1+ 28. Kg2 Raf8 29. Bb2 R1f2+ 0-1

[Event "Titled Tuesday intern op 22nd Aug Early"]
[Site "Chess.com INT"]
[Date "2023.08.22"]
[Round "11"]
[White "Erzhanov, Arman"]
[Black "Llanos, Guillermo"]
[Result "0-1"]
[WhiteElo "2175"]
[BlackElo "2288"]
[PlyCount "126"]
[EventDate "2023.08.22"]
[EventType "swiss (blitz)"]
[EventRounds "11"]
[EventCountry "USA"]
[SourceTitle "EXT 2024"]
[Source "ChessBase"]
[SourceDate "2023.10.10"]
[SourceVersion "1"]
[SourceVersionDate "2023.10.10"]
[SourceQuality "1"]

1. e4 Nf6 2. Nc3 d5 3. e5 Nfd7 4. d4 c5 5. e6 fxe6 6. Nf3 g6 7. dxc5 Bg7 8. h4 Nc6 9. h5 Qa5 10. hxg6 hxg6 11. Rxh8+ Bxh8 12. Bd2 Qxc5 13. Bd3 Nde5 14. Nxe5 Nxe5 15. Bb5+ Bd7 16. Bxd7+ Kxd7 17. Qe2 Rf8 18. Be3 Qc4 19. Bxa7 Qxe2+ 20. Kxe2 Nc4 21. Na4 Ra8 22. Nb6+ Nxb6 23. Bxb6 Bxb2 24. Rh1 Rxa2 25. Bc5 Bf6 26. Kd3 Kc6 27. Bb4 Rb2 28. Ba3 Ra2 29. Bb4 g5 30. g3 e5 31. Rh6 e4+ 32. Kd2 Kb5 33. Bc3 d4 34. Bxd4 Bxd4 35. Re6 Bxf2 36. Rxe4 Bxg3 37. Rxe7 Bf4+ 38. Kd3 Ra4 39. Rxb7+ Kc6 40. Rg7 Ra5 41. c4 Re5 42. Kd4 Re6 43. Rg8 Rd6+ 44. Kc3 Rd1 45. Rg6+ Kd7 46. c5 Rc1+ 47. Kd4 Kc7 48. Kd5 Rd1+ 49. Kc4 Be3 50. Rg7+ Kc8 51. Rg8+ Kd7 52. Rg7+ Ke6 53. c6 Rc1+ 54. Kb5 Rc5+ 55. Kb6 Rc1+ 56. Kb7 Bf4 57. c7 Rxc7+ 58. Rxc7 Bxc7 59. Kxc7 g4 60. Kc6 g3 61. Kc5 g2 62. Kd4 g1Q+ 63. Ke4 Qg5 0-1

[Event "Titled Tuesday intern op 22nd Aug Early"]
[Site "Chess.com INT"]
[Date "2023.08.22"]
[Round "8"]
[White "Hambleton, Aman"]
[Black "Llanos, Guillermo"]
[Result "1-0"]
[WhiteElo "2420"]
[BlackElo "2288"]
[PlyCount "77"]
[EventDate "2023.08.22"]
[EventType "swiss (blitz)"]
[EventRounds "11"]
[EventCountry "USA"]
[SourceTitle "EXT 2024"]
[Source "ChessBase"]
[SourceDate "2023.10.10"]
[SourceVersion "1"]
[SourceVersionDate "2023.10.10"]
[SourceQuality "1"]

1. e4 Nf6 2. e5 Nd5 3. Nf3 d6 4. d4 g6 5. Be2 Bg7 6. 0-0 0-0 7. Re1 Nc6 8. exd6 cxd6 9. c4 Nf6 10. d5 Nb8 11. Nc3 Bg4 12. Nd4 Bxe2 13. Qxe2 Re8 14. Bg5 Nbd7 15. Rad1 Rc8 16. b3 a6 17. h3 Ne5 18. Ne4 Nxe4 19. Qxe4 h6 20. Bh4 f5 21. Qe2 g5 22. f4 Ng6 23. Ne6 Qd7 24. Qh5 Nxh4 25. fxg5 Bc3 26. Rd3 Bxe1 27. Qxh6 Qxe6 28. Qxe6+ Kg7 29. Qxe1 Ng6 30. Re3 Ne5 31. Rxe5 dxe5 32. Qxe5+ Kg6 33. h4 Rh8 34. Qe6+ Kh5 35. g3 Kg4 36. Kg2 Kh5 37. Qxf5 Rcf8 38. Qe6 Rhg8 39. Kh3 1-0

[Event "Titled Tuesday intern op 22nd Aug Early"]
[Site "Chess.com INT"]
[Date "2023.08.22"]
[Round "1"]
[White "Javakhadze, Zurab"]
[Black "Llanos, Guillermo"]
[Result "0-1"]
[WhiteElo "2461"]
[BlackElo "2288"]
[PlyCount "104"]
[EventDate "2023.08.22"]
[EventType "swiss (blitz)"]
[EventRounds "11"]
[EventCountry "USA"]
[SourceTitle "EXT 2024"]
[Source "ChessBase"]
[SourceDate "2023.10.10"]
[SourceVersion "1"]
[SourceVersionDate "2023.10.10"]
[SourceQuality "1"]

1. Nf3 Nf6 2. c4 b6 3. g3 Bb7 4. Bg2 c5 5. 0-0 g6 6. Nc3 Bg7 7. e3 0-0 8. d4 cxd4 9. exd4 d5 10. Ne5 e6 11. Bg5 h6 12. Bxf6 Bxf6 13. cxd5 exd5 14. Qb3 Nc6 15. Nxc6 Bxc6 16. Rfd1 Rc8 17. Bxd5 Bxd5 18. Nxd5 Bg7 19. Nf4 Qd6 20. Rd3 Kh7 21. Rad1 Rc7 22. h4 h5 23. Nh3 Bf6 24. Rf3 Kg7 25. Ng5 Bxg5 26. hxg5 Rd8 27. Rf6 Qd5 28. Qe3 Rdd7 29. Qd3 Qxa2 30. d5 Qxb2 31. d6 Rc5 32. Qe3 Qe5 33. Qd3 Qxg5 34. Rf4 Qd8 35. Qd4+ Kg8 36. Re4 Rc6 37. Qe3 Kh7 38. Re8 Qf6 39. Ra8 Rcxd6 40. Rxd6 Qxd6 41. Qe8 Qd1+ 42. Kh2 Qd4 43. Qg8+ Kh6 44. Qf8+ Kg5 45. Kg2 Qd5+ 46. Kh2 Qf5 47. Kg2 h4 48. Qb4 hxg3 49. fxg3 Qd5+ 50. Kh3 Qe6+ 51. Kg2 Qe2+ 52. Kg1 Rd1+ 0-1

[Event "Titled Tuesday intern op 22nd Aug Early"]
[Site "Chess.com INT"]
[Date "2023.08.22"]
[Round "9"]
[White "Llanos, Guillermo"]
[Black "Acikel, Mert"]
[Result "1-0"]
[WhiteElo "2288"]
[BlackElo "2222"]
[PlyCount "59"]
[EventDate "2023.08.22"]
[EventType "swiss (blitz)"]
[EventRounds "11"]
[EventCountry "USA"]
[SourceTitle "EXT 2024"]
[Source "ChessBase"]
[SourceDate "2023.10.10"]
[SourceVersion "1"]
[SourceVersionDate "2023.10.10"]
[SourceQuality "1"]

1. c4 e6 2. g3 d5 3. Bg2 Nf6 4. Nf3 Be7 5. 0-0 0-0 6. b3 d4 7. Bb2 Nc6 8. d3 e5 9. e3 Re8 10. exd4 exd4 11. Na3 Bf5 12. Nc2 Bc5 13. a3 a5 14. b4 axb4 15. axb4 Rxa1 16. Bxa1 Nxb4 17. Nxb4 Bxb4 18. Nxd4 Bg4 19. Qb1 Bc5 20. Nb3 Bb4 21. Nc1 Bc5 22. Bxb7 Qe7 23. Bg2 Rd8 24. Qb5 Bb6 25. Qg5 Bd4 26. Bxd4 Rxd4 27. Qe3 Qd8 28. h3 Bf5 29. g4 Bxd3 30. Rd1 1-0

[Event "Titled Tuesday intern op 15th Aug Early"]
[Site "Chess.com INT"]
[Date "2023.08.15"]
[Round "10"]
[White "Llanos, Guillermo"]
[Black "Goswami, Vedant"]
[Result "0-1"]
[WhiteElo "2288"]
[BlackElo "2034"]
[PlyCount "78"]
[EventDate "2023.08.15"]
[EventType "swiss (blitz)"]
[EventRounds "11"]
[EventCountry "USA"]
[SourceTitle "EXT 2024"]
[Source "ChessBase"]
[SourceDate "2023.10.10"]
[SourceVersion "1"]
[SourceVersionDate "2023.10.10"]
[SourceQuality "1"]

1. b3 e5 2. Bb2 d6 3. Nf3 Nc6 4. d4 e4 5. Nfd2 e3 6. fxe3 Qh4+ 7. g3 Qg5 8. e4 Nf6 9. Bg2 h5 10. Nf3 Qe3 11. Bc1 Qxe4 12. Nc3 Qe7 13. Bg5 Qd8 14. d5 Nb8 15. Qd2 Be7 16. 0-0-0 Nbd7 17. Bh3 Nc5 18. Bxc8 Qxc8 19. Nd4 Nfe4 20. Nxe4 Nxe4 21. Qd3 Bxg5+ 22. Kb1 Nf2 23. Qf3 Nxd1 24. Rxd1 Bf6 25. Nf5 Qd7 26. e4 0-0-0 27. Re1 Rde8 28. a4 g6 29. Ne3 Qe7 30. Nc4 Bg7 31. Rf1 Qxe4 32. Qxf7 Qd4 33. Ka2 Re2 34. Qxg6 Qc3 35. Rc1 a6 36. a5 Rhe8 37. h4 Re1 38. Rxe1 Rxe1 39. Qf5+ Kb8 0-1

[Event "Titled Tuesday intern op 15th Aug Early"]
[Site "Chess.com INT"]
[Date "2023.08.15"]
[Round "2"]
[White "Zepeda Berlanga, Jan Enrique"]
[Black "Llanos, Guillermo"]
[Result "0-1"]
[WhiteElo "1783"]
[BlackElo "2288"]
[PlyCount "118"]
[EventDate "2023.08.15"]
[EventType "swiss (blitz)"]
[EventRounds "11"]
[EventCountry "USA"]
[SourceTitle "EXT 2024"]
[Source "ChessBase"]
[SourceDate "2023.10.10"]
[SourceVersion "1"]
[SourceVersionDate "2023.10.10"]
[SourceQuality "1"]

1. c4 b6 2. Nc3 Bb7 3. e4 e5 4. Nf3 Nc6 5. d4 exd4 6. Nxd4 Nxd4 7. Qxd4 Nf6 8. Bg5 Be7 9. Bd3 d6 10. Bc2 h6 11. Bh4 Qd7 12. 0-0-0 0-0-0 13. Bg3 Rhe8 14. h4 Qg4 15. Qe3 Bf8 16. Rhe1 Nh5 17. Ba4 Re6 18. Nd5 Nxg3 19. Qxg3 Qxg3 20. fxg3 g6 21. Re3 Bg7 22. Rf1 Rf8 23. Ref3 c6 24. Nc3 Re7 25. Bc2 Bxc3 26. Rxc3 Re5 27. Rcf3 Re7 28. Re3 Kd8 29. Kd2 Bc8 30. b4 Be6 31. Kc3 Kc7 32. a4 a5 33. b5 c5 34. e5 dxe5 35. Rxe5 Rfe8 36. Rfe1 Kd8 37. Be4 Bd7 38. Bd5 Rxe5 39. Rxe5 Rxe5 40. Bxf7 Bf5 41. Bd5 Re3+ 42. Kd2 Rxg3 43. Bf3 h5 44. Ke2 g5 45. Kf2 gxh4 46. Ke2 Rg5 47. Ke3 Bg4 48. Be4 Kc7 49. Kf4 Rg7 50. Ke5 Re7+ 51. Kf4 Rxe4+ 52. Kxe4 h3 53. gxh3 Bxh3 54. Kf4 Bg4 55. Kg3 Kd6 56. Kf4 Bd1 57. Kg5 Ke5 58. Kh4 Kd4 59. Kg3 Kxc4 0-1

[Event "Titled Tuesday intern op 08th Aug Early"]
[Site "Chess.com INT"]
[Date "2023.08.08"]
[Round "10"]
[White "Araujo Filho, Luiz Antonio"]
[Black "Llanos, Guillermo"]
[Result "0-1"]
[WhiteElo "2077"]
[BlackElo "2288"]
[PlyCount "118"]
[EventDate "2023.08.08"]
[EventType "swiss (blitz)"]
[EventRounds "11"]
[EventCountry "USA"]
[SourceTitle "EXT 2024"]
[Source "ChessBase"]
[SourceDate "2023.10.10"]
[SourceVersion "1"]
[SourceVersionDate "2023.10.10"]
[SourceQuality "1"]

1. d4 Nf6 2. Nf3 b6 3. e3 Bb7 4. Bd3 e6 5. Nbd2 d5 6. Qe2 Nbd7 7. e4 dxe4 8. Nxe4 Be7 9. 0-0 Nxe4 10. Bxe4 Bxe4 11. Qxe4 0-0 12. Rd1 Nf6 13. Qe2 Qd5 14. c3 Rfd8 15. Bf4 c5 16. dxc5 Qxc5 17. Ne5 Nd5 18. Bg3 Rac8 19. Qh5 g6 20. Qf3 Nf6 21. h3 Kg7 22. Re1 Qd5 23. Rad1 Qxf3 24. Nxf3 Nd5 25. Nd4 Bf6 26. Nb5 a6 27. Nd6 Rc7 28. Ne4 Rcd7 29. Nxf6 Kxf6 30. Rd4 Kg7 31. Red1 b5 32. Bh4 f6 33. Kh2 Kf7 34. Bg3 e5 35. R4d2 Ke6 36. Kg1 h5 37. f3 g5 38. Bf2 h4 39. a3 Nf4 40. Rxd7 Rxd7 41. Rxd7 Kxd7 42. Be3 Nd3 43. b4 Ke6 44. Kf1 Kd5 45. Ke2 Kc4 46. Kd2 Nb2 47. Bb6 Na4 48. Bd8 f5 49. Bxg5 Nxc3 50. Bxh4 e4 51. fxe4 fxe4 52. Bg5 Nb1+ 53. Ke3 Kd5 54. h4 Nxa3 55. h5 Nc2+ 56. Ke2 Ke6 57. Bd2 Nd4+ 58. Ke3 Kd5 59. g4 Ne6 0-1

[Event "Titled Tuesday intern op 08th Aug Early"]
[Site "Chess.com INT"]
[Date "2023.08.08"]
[Round "11"]
[White "Llanos, Guillermo"]
[Black "Parpiev, Isaak"]
[Result "0-1"]
[WhiteElo "2288"]
[BlackElo "2123"]
[PlyCount "102"]
[EventDate "2023.08.08"]
[EventType "swiss (blitz)"]
[EventRounds "11"]
[EventCountry "USA"]
[SourceTitle "EXT 2024"]
[Source "ChessBase"]
[SourceDate "2023.10.10"]
[SourceVersion "1"]
[SourceVersionDate "2023.10.10"]
[SourceQuality "1"]

1. b3 Nf6 2. Bb2 d5 3. Nf3 c5 4. e3 a6 5. c4 e6 6. Nc3 Nc6 7. cxd5 exd5 8. d4 Bg4 9. Be2 Bxf3 10. Bxf3 cxd4 11. exd4 Bb4 12. 0-0 0-0 13. Qd3 Re8 14. Rac1 Bxc3 15. Bxc3 Ne4 16. Rfe1 Qg5 17. Bxe4 Rxe4 18. f3 Ree8 19. Bd2 Qf6 20. Be3 h6 21. Bf2 Rac8 22. Qd2 Qf5 23. Rxe8+ Rxe8 24. Kf1 Qg6 25. g4 Qf6 26. Kg2 g5 27. Rc5 Qd6 28. Be3 Qe6 29. Bf2 Ne7 30. Bg3 Ng6 31. Rc2 f5 32. h3 fxg4 33. hxg4 Re7 34. Qd3 Rf7 35. Re2 Qd7 36. Qe3 Re7 37. Qd3 Rxe2+ 38. Qxe2 Qe7 39. Qxe7 Nxe7 40. f4 Kf7 41. f5 h5 42. Kf3 h4 43. Bd6 Nc6 44. Bc5 Nb8 45. Bd6 Nd7 46. Be5 Nb6 47. a4 Nd7 48. Bd6 Nf6 49. Be5 Ne4 50. b4 Nd2+ 51. Kg2 Nc4 0-1

[Event "Titled Tuesday intern op 08th Aug Early"]
[Site "Chess.com INT"]
[Date "2023.08.08"]
[Round "7"]
[White "Unat, Can Haktan"]
[Black "Llanos, Guillermo"]
[Result "0-1"]
[WhiteElo "2239"]
[BlackElo "2288"]
[PlyCount "108"]
[EventDate "2023.08.08"]
[EventType "swiss (blitz)"]
[EventRounds "11"]
[EventCountry "USA"]
[SourceTitle "EXT 2024"]
[Source "ChessBase"]
[SourceDate "2023.10.10"]
[SourceVersion "1"]
[SourceVersionDate "2023.10.10"]
[SourceQuality "1"]

1. Nc3 b6 2. d4 e6 3. Bf4 Bb7 4. e3 Nf6 5. Nf3 a6 6. h4 h6 7. h5 Bb4 8. Bd3 Ne4 9. a3 Bxc3+ 10. bxc3 Nxc3 11. Qc1 Ne4 12. Nd2 Nxd2 13. Qxd2 d6 14. 0-0 Nd7 15. e4 e5 16. dxe5 dxe5 17. Bg3 Qg5 18. Qc3 Rc8 19. Rad1 0-0 20. Bxa6 Bxa6 21. Rxd7 Bxf1 22. Kxf1 Qxh5 23. Bxe5 f6 24. Bxc7 Qh1+ 25. Ke2 Qxg2 26. Qc4+ Kh8 27. Re7 Rfe8 28. Qf7 Rxe7 29. Qxe7 Qg4+ 30. Ke1 Qg1+ 31. Ke2 Qg4+ 32. Ke1 b5 33. e5 fxe5 34. Bxe5 Qe4+ 35. Kf1 Qh1+ 36. Ke2 Rxc2+ 37. Ke3 Qe1+ 38. Kf3 Qd1+ 39. Kg2 Qg4+ 40. Bg3 Rc8 41. Qe5 Qg5 42. Qe6 Rf8 43. Qd6 Qf5 44. Qc6 h5 45. Qb7 Kh7 46. Qc6 Rf6 47. Qb7 Re6 48. Qb8 Qe4+ 49. Kh2 h4 50. Qxb5 hxg3+ 51. fxg3 Rh6+ 52. Kg1 Rh1+ 53. Kf2 Rh2+ 54. Kf1 Qh1# 0-1